LEADER 02648nas 2200673- 450 001 9910341859903321 005 20240712213015.0 011 $a2541-9005 035 $a(OCoLC)1125086467 035 $a(CKB)2660000000037189 035 $a(CONSER)--2021244672 035 $a(EXLCZ)992660000000037189 100 $a20191009a20059999 --- - 101 0 $arus 135 $aur|n||||||||| 181 $ctxt$2rdacontent 182 $cc$2rdamedia 183 $acr$2rdacarrier 200 00$aIzvestii?a Saratovskogo universiteta, novai?a serii?a$iSerii?a matematika, mekhanika, informatika 210 1$aSaratov :$cSaratovski? gosudarstvenny? universitet imeni N.G. Chernyshevskogo 210 31$aSaratov :$cFederal?noe gosudarstvennoe bi?udzhetnoe obrazovatel?noe uchrezhdenie vysshego obrazovanii?a "Saratovski? nat?sional?ny? issledovatel?ski? gosudarstvenny? universitet imeni N. G. Chernyshevskogo" 215 $a1 online resource 300 $aRefereed/Peer-reviewed 311 08$a1816-9791 517 1 $aIzvestii?a Saratovskogo universiteta. 517 1 $aNews of Saratov University. 517 1 $aIzvestiya of Saratov University, new series 517 3 $aSerii?a matematika, mekhanika, informatika 517 3 $aSer. matematika, mekhanika, informatika 517 3 $aSer. mathematics, mechanics, informatics 517 3 $aSeries: Mathematics, mechanics, informatics 531 00$aIzv. Saratov Univ. (N. S.), Ser. math. mech. inform. 531 0 $aIzv. Sarat. univ., Nov. ser., Ser. Mat. meh. inform. 606 $aMathematics$vPeriodicals 606 $aMechanics$vPeriodicals 606 $aComputer science$vPeriodicals 606 $aMécanique$vPériodiques 606 $aInformatique$vPériodiques 606 $aComputer science$2fast$3(OCoLC)fst00872451 606 $aMathematics$2fast$3(OCoLC)fst01012163 606 $aMechanics$2fast$3(OCoLC)fst01013446 608 $aperiodicals.$2aat 608 $aPeriodicals.$2fast 608 $aPeriodicals.$2lcgft 608 $aPériodiques.$2rvmgf 615 0$aMathematics 615 0$aMechanics 615 0$aComputer science 615 6$aMécanique 615 6$aInformatique 615 7$aComputer science. 615 7$aMathematics. 615 7$aMechanics. 712 02$aSaratovski? gosudarstvenny? universitet im. N.G. Chernyshevskogo, 712 02$aSaratovski? nat?sional?ny? issledovatel?ski? gosudarstvenny? universitet imeni N.G. Chernyshevskogo, 906 $aJOURNAL 912 $a9910341859903321 996 $aIzvestii?a Saratovskogo universiteta, novai?a serii?a$92787960 997 $aUNINA LEADER 02692oam 2200625z 450 001 9910765533303321 005 20241204161826.0 010 $a2-7351-2909-8 010 $a9782735129096 010 $a9782735129072 024 7 $a10.4000/books.editionsmsh.59051 035 $a(PPN)273871226 035 $a(CKB)5580000000701827 035 $a(oapen)doab131584 035 $a(EXLCZ)995580000000701827 100 $a20231129d2023uuuu my- 0 101 0 $afre 135 $aurmn|---annan 181 $ctxt$2rdacontent 182 $cc$2rdamedia 183 $acr$2rdacarrier 200 10$aVie et mort de l?impôt sur la fortune $eLes luttes pour la représentation des intérêts à l?Assemblée nationale et au Bundestag /$fMartin Baloge 210 $aParis$cÉditions de la Maison des sciences de l'homme$d2023 210 31$aParis :$cÉditions de la Maison des sciences de l?homme,$d2023 210 4$d©2023 215 $a1 online resource (300pages) $cillustrations ;$ddigital file (PDF) 225 1 $aBibliothèque allemande 311 08$a2-7351-2907-1 330 $aSuspendu depuis de nombreuses années en Allemagne, l'impôt sur la fortune a été supprimé et remplacé par un impôt sur la fortune immobilière au début du mandat d'Emmanuel Macron. Comment un impôt réputé difficile, voire impossible à supprimer a-t-il fini par disparaitre ? Afin de répondre à cette question, ce livre se concentre sur les batailles autour de l'ISF et les modalités du travail de représentation à l'Assemblée nationale et au Bundestag, jusqu'en 2017. S'appuyant sur des approches empiriques complémentaires, cette enquête entend expliquer comment les députés des deux pays représentent les puissants, les groupes dominants. 410 0$aBibliothèque allemande 606 $aTaxation$zGermany 606 $aTaxation$zFrance 606 $aWealth tax$zGermany 606 $aWealth tax$zFrance 606 $aProperty tax$xLaw and legislation$zGermany 606 $aProperty tax$xLaw and legislation$zFrance 606 $aPublic administration 606 $aFrance$2fast$3(OCoLC)fst01204289 606 $aGermany$2fast$3(OCoLC)fst01210272 615 0$aTaxation 615 0$aTaxation 615 0$aWealth tax 615 0$aWealth tax 615 0$aProperty tax$xLaw and legislation 615 0$aProperty tax$xLaw and legislation 615 4$aPublic administration 615 7$aFrance 615 7$aGermany 700 $aBaloge$b Martin$01320714 801 0$bMiAaPQ 801 2$bNZ-WeVUL 906 $aBOOK 912 $a9910765533303321 996 $aVie et mort de l?impôt sur la fortune$94135818 997 $aUNINA